000 00493nam a2200145Ia 4500
008 100122s9999 xx 000 0 und d
082 _b59357
_a294.5921
100 _aदेशमुख श्रीकृष्ण
245 _aमुण्डकोपनिषद
260 _bमहाराष्ट्र ग्रंथ भांडार
_c2000
300 _a108
630 _aमुण्डकोपनिषद
730 _aमुण्डकोपनिषद
942 _cBOOK
999 _c434954
_d434951